Normal view
MARC view
- Kothari,D.P
Entry Personal Name
001 - CONTROL NUMBER
- control field: 6530
003 - CONTROL NUMBER IDENTIFIER
- control field: OSt
005 - DATE AND TIME OF LATEST TRANSACTION
- control field: 20241223142102.0
008 - FIXED-LENGTH DATA ELEMENTS
- fixed length control field: 241223|| aca||aabn | a|a d
040 ## - CATALOGING SOURCE
- Original cataloging agency: OSt
- Transcribing agency: OSt
100 ## - HEADING--PERSONAL NAME
- Personal name: Kothari,D.P
- Personal name: Umashankar,S
670 ## - SOURCE DATA FOUND
- Source citation: Work cat.: (OSt)14268: Kothari,D.P Umashankar,S., Wind Energy Systems And Applications, 2014
